Meze suverenity Dekonstrukce moderní dichotomie národního společenství a mezinárodní anarchie
Historická genealógia systému národných štátov. Kontrast teórie medzinárodných vzťahov a teórie domácej politiky. Kritická analýza národného štátu. Národný štát ako spoločenstvo teritoriálnej suverenity. Realistická kritika idealistického konceptu spoločenstva. Postštrukturalistická kritika realisti...
Saved in:
| Main Author: | |
|---|---|
| Format: | Book Chapter |
| Language: | Czech |
| Subjects: | |
| Tags: |
No Tags, Be the first to tag this record!
|
MARC
| LEADER | 00000naa a2200000 4500 | ||
|---|---|---|---|
| 001 | r039410 | ||
| 005 | 20230927112844.1 | ||
| 041 | 0 | |a cze | |
| 044 | |a CZ | ||
| 245 | 1 | 0 | |a Meze suverenity |b Dekonstrukce moderní dichotomie národního společenství a mezinárodní anarchie |c Pavel Barša |
| 520 | |a Historická genealógia systému národných štátov. Kontrast teórie medzinárodných vzťahov a teórie domácej politiky. Kritická analýza národného štátu. Národný štát ako spoločenstvo teritoriálnej suverenity. Realistická kritika idealistického konceptu spoločenstva. Postštrukturalistická kritika realistického chápania anarchie. | ||
| 610 | 2 | 0 | |a suverenita štátna |
| 610 | 2 | 0 | |a politika svetová |
| 610 | 2 | 0 | |a politika vnútorná |
| 610 | 2 | 0 | |a demokracia |
| 610 | 2 | 0 | |a politika medzinárodná |
| 610 | 2 | 0 | |a vzťahy hospodárske medzinárodné |
| 610 | 2 | 0 | |a štát |
| 610 | 2 | 0 | |a teórie politické |
| 610 | 2 | 0 | |a spoločnosť občianska |
| 610 | 2 | 0 | |a spoločnosť globálna |
| 610 | 2 | 0 | |a anarchizmus |
| 100 | 1 | |a Barša, Pavel | |